|
|
|
|
| LEADER |
00000cam a2200000 7i4500 |
| 001 |
0000088298 |
| 005 |
20230125102257.0 |
| 008 |
220328 |
| 020 |
|
|
|a 9781119712886
|
| 041 |
|
|
|a English
|
| 090 |
0 |
0 |
|a 153.4
|b MIN
|
| 245 |
1 |
0 |
|a Mind and spirit :
|b a comparative theory
|
| 260 |
|
|
|a United Kingdom :
|b Wiley-Blackwell ,
|c 2020
|
| 300 |
|
|
|a 166 p. ;
|c 25 cm.
|
| 500 |
|
|
|a Includes index
|
| 541 |
|
|
|c Purchased on 2021
|f KPM/JI/132
|h RM150.30
|
| 650 |
|
0 |
|a Spirituality
|x Psychological aspects
|
| 650 |
|
0 |
|a Thought and thinking
|
| 999 |
|
|
|a 0001677023
|b Book
|c Adult Collection
|e Perbadanan Perpustakaan Awam Johor
|